000 00450nam a2200157 i 4500
001 30407
003 ES-MaACL
005 20230906154205.0
007 t|
008 030124s1942 sp ||||1| spa d
100 1 _aBautista Moreno, Rafael.
_926623
245 1 0 _aDe la vida la mejor /
_cRafael Bautista Moreno.
260 _aMadrid :
_bAfrodisio Aguado,
_c1942.
300 _a177 p. :
_b1 retr. aut. ;
_c20 cm.
852 _aES-MaACL
_jD-5994
_bR.31793
999 _c30407
_d30407